[Event "Chessable Masters Winners"]
[Site "chess.com INT"]
[Date "2025.02.19"]
[Round "3.3"]
[White "Nakamura,Hi"]
[Black "Firouzja,Alireza"]
[Result "1/2-1/2"]
[WhiteElo "2802"]
[BlackElo "2760"]

1.b3 d5 2.Bb2 Nf6 3.Nf3 Bf5 4.Nh4 Bd7 5.c4 Nc6 6.Nf3 Bg4 7.e3 d4 8.exd4 Nxd4
9.Bxd4 Bxf3 10.Qxf3 Qxd4 11.Qxb7 Rd8 12.Qc6+ Rd7 13.Qa8+ Rd8 14.Qc6+ Rd7
15.Qa8+ Rd8 16.Qc6+  1/2-1/2

[Event "Chessable Masters Winners"]
[Site "chess.com INT"]
[Date "2025.02.19"]
[Round "3.5"]
[White "Firouzja,Alireza"]
[Black "Nakamura,Hi"]
[Result "0-1"]
[WhiteElo "2760"]
[BlackElo "2802"]

1.e4 e5 2.Nf3 Nc6 3.Bc4 Nf6 4.d3 h6 5.c3 Bc5 6.b4 Be7 7.Qb3 O-O 8.a4 d6 9.O-O Nb8
10.Qa2 c6 11.Bb3 a5 12.b5 Nbd7 13.Ba3 Nh5 14.g3 Nb6 15.Re1 Bh3 16.Kh1 Nf6
17.Ng1 Bg4 18.bxc6 bxc6 19.f4 exf4 20.gxf4 d5 21.Qg2 dxe4 22.dxe4 Be6 23.Bc2 Re8
24.f5 Bc4 25.Nf3 Nfd7 26.Bc1 Kh7 27.e5 Kh8 28.Rg1 Rg8 29.Nbd2 Bd5 30.Ne4 Nc5
31.Nxc5 Bxc5 32.Re1 Nc4 33.Bf4 Rb8 34.Qh3 Qh4 35.Kg2 Qxf4  0-1

[Event "Chessable Masters Winners"]
[Site "chess.com INT"]
[Date "2025.02.19"]
[Round "4.1"]
[White "Carlsen,M"]
[Black "Nakamura,Hi"]
[Result "1-0"]
[WhiteElo "2833"]
[BlackElo "2802"]

1.d4 d5 2.Nc3 Nf6 3.Bf4 a6 4.e3 h6 5.h4 e6 6.Nf3 b6 7.Ne5 Nfd7 8.Qf3 Nxe5
9.Bxe5 Nd7 10.Bf4 c5 11.Qg3 Bb7 12.O-O-O Rc8 13.e4 cxd4 14.exd5 Nf6 15.dxe6 Nh5
16.Qg4 Nxf4 17.exf7+ Kxf7 18.Qxf4+ Qf6 19.Rxd4 Qxf4+ 20.Rxf4+ Ke8 21.Bd3 Rc7
22.Re1+ Kd8 23.Be4 Bc8 24.Bf5 Bxf5 25.Rxf5 Bc5 26.Ne4 Be7 27.g3 Kc8 28.Re5 Rd8
29.Rd1 Rf8 30.c3 g5 31.hxg5 hxg5 32.Rd2 g4 33.Re6 Kb7 34.Rg6 b5 35.Rxg4 b4
36.Kc2 bxc3 37.bxc3 Rf5 38.a4 Ra5 39.Kb3 Ka7 40.Rd4 Rb7+ 41.Kc2 Ba3 42.Kd3 Rh5
43.Rg6 Rh1 44.Ke2 Ra1 45.Rc4 Re7 46.Kf3 Bb2 47.Nc5  1-0

[Event "Chessable Masters Winners"]
[Site "chess.com INT"]
[Date "2025.02.19"]
[Round "4.3"]
[White "Carlsen,M"]
[Black "Nakamura,Hi"]
[Result "1-0"]
[WhiteElo "2833"]
[BlackElo "2802"]

1.e4 e5 2.Nf3 Nc6 3.Bb5 Nge7 4.Nc3 Ng6 5.d4 exd4 6.Nxd4 Nxd4 7.Qxd4 c6 8.Be2 Qb6
9.Qd3 Be7 10.a4 a5 11.O-O O-O 12.Be3 Bc5 13.Bxc5 Qxc5 14.Rad1 Ne5 15.Qd6 Qxd6
16.Rxd6 f6 17.f4 Nf7 18.Bc4 Kh8 19.Rd4 b6 20.e5 Nh6 21.Ne4 Nf5 22.Rd3 d5
23.exd6 Bd7 24.Re1 Rae8 25.Kf2 g5 26.Rb3 gxf4 27.Rxb6 Ne3 28.Bd3 Ng4+ 29.Kf3 f5
30.Nc5 Rxe1 31.Nxd7 Rd8 32.Rb8 Ree8 33.Rxd8 Rxd8 34.Bxf5 Nh6 35.Kxf4 Nf7
36.Ne5 Nxd6 37.Nxc6 Rf8 38.Nd4 Kg8 39.b3 Kf7 40.Bxh7 Rh8 41.Ke5 Nb7 42.Be4 Re8+
43.Kf4 Nc5 44.Bf3 Rd8 45.Ke3 Re8+ 46.Kd2 Rd8 47.Kc3 Rc8 48.Nc6 Kf6 49.Kc4 Nb7
50.Kb5 Rg8 51.Nxa5 Rg5+ 52.Kb6 Nxa5 53.g4 Re5 54.h4 Kg7 55.Bg2 Kf6 56.Bf1 Nxb3
57.cxb3 Re4  1-0

[Event "Chessable Masters Winners"]
[Site "chess.com INT"]
[Date "2025.02.19"]
[Round "4.2"]
[White "Nakamura,Hi"]
[Black "Carlsen,M"]
[Result "1/2-1/2"]
[WhiteElo "2802"]
[BlackElo "2833"]

1.b3 d5 2.Bb2 c5 3.e3 Nc6 4.Bb5 Bd7 5.Nf3 Nf6 6.c4 e6 7.cxd5 Nxd5 8.O-O Rc8
9.Nc3 Nf6 10.Rc1 Be7 11.Na4 b6 12.Ba6 Rc7 13.Nc3 Bc8 14.Be2 Bb7 15.d4 cxd4
16.Nb5 Rd7 17.Nbxd4 Nxd4 18.Bxd4 O-O 19.Qc2 Ba3 20.Rcd1 Qc7 21.Qb1 Be4 22.Qa1 Be7
23.Ne5 Rdd8 24.Rc1 Qb8 25.Nc6 Bxc6 26.Rxc6 Rc8 27.Rfc1 Rxc6 28.Rxc6 Rc8 29.Qc1 Rxc6
30.Qxc6 h6 31.h3 Bd6 32.Bd3 Kf8 33.Bb2 Ke7 34.Qa4 a5 35.Qb5 Qc7 36.Kf1 Qc5
37.Qa4 Qb4 38.Qc6 Qd2 39.Bc2 Bc5 40.Qb7+ Nd7 41.Qe4 Bb4 42.g3 Nc5 43.Qh7 Bc3
44.Ba3 Bb4 45.Bb2 Bc3 46.Ba3 f5 47.Bxc5+ bxc5 48.Bxf5 exf5 49.Qxf5 Qd6 50.Qe4+ Qe6
51.Qb7+ Qd7 52.Qe4+ Qe6 53.Qb7+ Kf6 54.Kg2 Kg6 55.Qf3 c4 56.bxc4 Qxc4 57.e4 Bf6
58.Qf5+ Kf7 59.Qh5+ Kg8 60.Qxa5 Qxe4+ 61.Kg1 Qd3 62.Qa8+ Kh7 63.Kg2 Qc2 64.Qd5 Qa4
65.Qf5+ Kg8 66.Qd5+ Kf8 67.Qc5+ Be7 68.Qf5+ Bf6 69.Qc5+ Kf7 70.Qd5+ Ke7 71.Qc5+ Ke6
72.Qc8+ Kd6 73.Qf8+ Kd5 74.Qf7+ Kd4 75.Qe6 Kc3 76.h4 Kb2 77.Qe2+ Ka3 78.Kh3 Qd7+
79.g4 Qd5 80.f3 Bb2 81.Qa6+ Kb4 82.Qb6+ Kc3 83.Qe3+ Kc2 84.Qe2+ Kb1 85.a4 Bc3
86.Qe4+ Qxe4 87.fxe4 Kc2 88.h5 Kd3 89.g5 Kxe4 90.gxh6 gxh6 91.Kg2 Kf4 92.Kh1 Ba5
93.Kg2 Kg4 94.Kh1 Kxh5 95.Kg2 Kg4 96.Kh1 h5 97.Kg2 h4 98.Kh1 h3 99.Kh2 Kh4
100.Kh1 Kg3 101.Kg1 h2+ 102.Kh1 Kh3  1/2-1/2

[Event "Chessable Masters Losers"]
[Site "chess.com INT"]
[Date "2025.02.20"]
[Round "6.2"]
[White "Nepomniachtchi,I"]
[Black "Nakamura,Hi"]
[Result "1/2-1/2"]
[WhiteElo "2754"]
[BlackElo "2802"]

1.e4 e5 2.Nf3 Nc6 3.Bc4 Nf6 4.d3 h6 5.c3 Bc5 6.b4 Be7 7.a4 d6 8.Qb3 O-O 9.O-O Nb8
10.a5 c6 11.Qa2 d5 12.Bb3 Qc7 13.Re1 Re8 14.Nbd2 Be6 15.Bb2 Nbd7 16.Nf1 Bf8
17.N3d2 Rad8 18.Ne3 b5 19.axb6 axb6 20.Rad1 Ra8 21.Qb1 b5 22.h3 Rad8 23.Qa2 Nb6
24.Nef1 Ra8 25.Qb1 Rad8 26.Qa2 Rd7 27.Bc1 d4 28.Bxe6 Rxe6 29.Qb3 dxc3 30.Qxc3 Qd6
31.Nf3 Qxb4 32.Qa1 Qe7 33.Bb2 Ra7 34.Qb1 Na4 35.Ba1 Qe8 36.d4 exd4 37.Nxd4 Rxe4
38.Ng3 Rxe1+ 39.Rxe1 Re7 40.Rxe7 Qxe7 41.Nxc6 Qc5 42.Ne5 Qd5 43.Nd3 Nh5 44.Nxh5 Qxh5
45.Ne5 Qe2 46.Qb3 Qe1+ 47.Kh2 Qxf2 48.Bd4 Qf5 49.Nf3 Qf4+ 50.Kg1 Qc1+ 51.Kh2 Bd6+
52.g3 Qc4 53.Qe3 Qc2+ 54.Kg1 Kh7 55.Ne5 Qb1+ 56.Kg2 Qf5 57.g4 Qc2+ 58.Kf3 f6
59.Nd3 Qc4 60.Qe4+ Kg8 61.Ke3 Bf8 62.Qe8 Nc3 63.Bxc3 Qxc3 64.Qxb5 Qc7 65.Qd5+ Kh8
66.Kf3 Qh2 67.Nf2 Bd6 68.Qa8+ Bb8 69.Qe4 Qg3+ 70.Ke2 Be5 71.Qa8+ Bb8 72.Qe4 Qc7
73.Qe8+ Kh7 74.Qe4+ g6 75.Kf3 Kg7 76.Kg2 Qg3+ 77.Kf1 Qc7 78.Qd5 Ba7 79.Nd3 Qe7
80.Qf3 Qd7 81.Qe2 h5 82.Qf3 hxg4 83.hxg4 Qb5 84.Kg2 Qb6 85.Kh3 Qd4 86.Nf4 Kh6
87.Ne6 Qe5 88.g5+ fxg5 89.Qf8+ Kh7 90.Qf7+ Kh6 91.Qf8+ Kh7 92.Qf7+ Kh6 93.Qf8+  1/2-1/2

[Event "Chessable Masters Losers"]
[Site "chess.com INT"]
[Date "2025.02.20"]
[Round "6.3"]
[White "Nepomniachtchi,I"]
[Black "Nakamura,Hi"]
[Result "1/2-1/2"]
[WhiteElo "2754"]
[BlackElo "2802"]

1.c4 e5 2.Nc3 Nf6 3.Nf3 Nc6 4.e3 Bb4 5.Qc2 Bxc3 6.Qxc3 Qe7 7.a3 a5 8.b4 d6
9.b5 Nd8 10.Bb2 c5 11.bxc6 Nxc6 12.Be2 Bg4 13.h3 Bh5 14.O-O O-O 15.Rfe1 Ne4
16.Qc2 Bg6 17.Qd1 a4 18.d4 Rfc8 19.Rc1 h6 20.Bd3 Nf6 21.Bxg6 fxg6 22.d5 Na5
23.c5 e4 24.cxd6 Qxd6 25.Bxf6 Rxc1 26.Qxc1 exf3 27.Bb2 Qxd5 28.Qc3 Qd7 29.gxf3 b5
30.Kg2 Ra7 31.Qb4 Nc4 32.Bd4 Rb7 33.Rc1 Qd5 34.Qc5 Qxc5 35.Bxc5 Rc7 36.Bd4 Kf7
37.f4 Ke6 38.Rc3 Kd5 39.Kf3 Rb7 40.Rd3 Ke6 41.Bc5 Rf7 42.Ke2 g5 43.fxg5 hxg5
44.Rd8 Rc7 45.Bb4 Rc6 46.Rb8 Ne5 47.Kd2 Nc4+ 48.Kd1 Nb2+ 49.Kd2 Nc4+ 50.Ke1 Ne5
51.Rxb5 Rc2 52.Bf8 Nd3+ 53.Kd1 Rxf2 54.Bxg7 Ra2 55.Rxg5 Nf2+ 56.Kc1 Rxa3
57.h4 Rxe3 58.h5 Rh3 59.h6 Nd3+ 60.Kd2 Nf4 61.Rg4 Kf5 62.Rg1 Rh2+ 63.Ke3 Rh3+
64.Kf2 Rh2+ 65.Kf3 Rh3+ 66.Kf2 Rxh6 67.Bxh6 Nh3+ 68.Kg2 Nxg1 69.Kxg1 a3 70.Bg7 a2
71.Bh8 a1=Q+ 72.Bxa1  1/2-1/2

[Event "Chessable Masters Losers"]
[Site "chess.com INT"]
[Date "2025.02.20"]
[Round "6.1"]
[White "Nakamura,Hi"]
[Black "Nepomniachtchi,I"]
[Result "1/2-1/2"]
[WhiteElo "2802"]
[BlackElo "2754"]

1.b3 d5 2.Bb2 Nf6 3.Nf3 Bf5 4.Nh4 Bd7 5.g3 g6 6.Bg2 c6 7.c4 Be6 8.d3 Bg7
9.O-O O-O 10.Nf3 a5 11.Nc3 Na6 12.Rc1 h6 13.Nd4 Bd7 14.cxd5 Nxd5 15.Nxd5 cxd5
16.Qd2 e6 17.Nf3 Nb4 18.Bxg7 Kxg7 19.a3 Nc6 20.Rc5 Qf6 21.Rfc1 Rfc8 22.e4 b6
23.R5c2 Nd4 24.Nxd4 Qxd4 25.Qe3 Qxe3 26.fxe3 dxe4 27.Rc7 Kf8 28.Bxe4 Rab8
29.R1c4 Rxc7 30.Rxc7 Ke8 31.h4 Kd8 32.Ra7 Rc8 33.Ra6 f5 34.Bf3 Rc1+ 35.Kf2 Rc2+
36.Ke1 Kc7 37.Ra7+ Kd6 38.Ra6 Kc7 39.Ra7+ Kd6 40.Ra6 Kc7  1/2-1/2

[Event "Chessable Masters Winners"]
[Site "chess.com INT"]
[Date "2025.02.21"]
[Round "5.2"]
[White "Nakamura,Hi"]
[Black "Carlsen,M"]
[Result "1/2-1/2"]
[WhiteElo "2802"]
[BlackElo "2833"]

1.b3 d5 2.Bb2 Nf6 3.Nf3 c5 4.e3 g6 5.Bb5+ Bd7 6.Bxf6 exf6 7.Bxd7+ Qxd7 8.d4 Nc6
9.O-O Be7 10.Nc3 cxd4 11.Nxd4 O-O 12.Nce2 Rac8 13.Qd2 Nxd4 14.Nxd4 f5 15.c3 Bf6
16.Ne2 Rc6 17.Rac1 Rd8 18.Rfd1 Qc7 19.g3 Kg7 20.h4 h5 21.Qd3 a6 22.Rc2 Rc5
23.Rdc1 Be5 24.Kg2 Qc6 25.Nd4 Qf6 26.Nf3 Rdc8 27.c4 dxc4 28.Rxc4 Rxc4 29.Rxc4 Rxc4
30.Qxc4 Qe7 31.Ne1 Bd6 32.Qd4+ Qe5 33.Qd1 Qe4+ 34.Kg1 Be5 35.Nd3 Qd5 36.Qc2 Bd6
37.Qc3+ Kf8 38.Kf1 Ke7 39.Ke2 Kd7 40.Qg7 Ke7 41.Qc3 Kd7 42.Qh8 Qc6 43.Qb2 Ke6
44.Qd2 Ke7 45.Nb2 Ke6 46.Nc4 Bc7 47.Qd3 Qd5 48.Qc3 Qc6 49.Qd4 Qd5 50.Qh8 Kd7
51.Qf8 Qe6 52.Qg7 Qd5 53.Qh8 Qe6 54.Nd2 Qd5 55.Qb2 Qb5+ 56.Nc4 Qd5 57.Qc2 Qe4
58.Qd2+ Ke6 59.Nb2 Qd5 60.Nd3 Bd6 61.Qc3 Kd7  1/2-1/2

[Event "Chessable Masters Winners"]
[Site "chess.com INT"]
[Date "2025.02.21"]
[Round "5.4"]
[White "Nakamura,Hi"]
[Black "Carlsen,M"]
[Result "1/2-1/2"]
[WhiteElo "2802"]
[BlackElo "2833"]

1.b3 c5 2.Bb2 Nc6 3.Nf3 Nf6 4.e3 g6 5.Bxf6 exf6 6.c4 d5 7.cxd5 Qxd5 8.Nc3 Qd8
9.Rc1 Bd7 10.Bb5 Rc8 11.O-O a6 12.Be2 Be7 13.Ne4 Qb6 14.Qc2 Bf5 15.d3 O-O
16.Qb2 Nb4 17.a3 Nd5 18.Nfd2 Rfd8 19.Bf3 Be6 20.Nc4 Qc7 21.d4 cxd4 22.Ncd6 Bxd6
23.Rxc7 Bxc7 24.Qxd4 Be5 25.Qa7 b6 26.Qxa6 Ra8 27.Qb5 Rxa3 28.Rd1 Rc8 29.g3 Ra5
30.Qf1 Kg7 31.Nd2 Nc3 32.Re1 b5 33.Bg2 Rd8 34.Nf3 Bxb3 35.Nxe5 fxe5 36.f4 Bc4
37.Qf3 e4 38.Qg4 Ra2 39.f5 Rdd2 40.f6+ Kxf6 41.Qf4+ Kg7 42.Qe5+ f6 43.Qc7+ Kh6
44.Qf4+ Kg7 45.Qc7+ Kh6 46.Qf4+ Kg7 47.Qc7+  1/2-1/2

[Event "Chessable Masters Winners"]
[Site "chess.com INT"]
[Date "2025.02.21"]
[Round "5.1"]
[White "Carlsen,M"]
[Black "Nakamura,Hi"]
[Result "1-0"]
[WhiteElo "2833"]
[BlackElo "2802"]

1.e4 e5 2.Nf3 Nc6 3.Bc4 Nf6 4.d3 h6 5.O-O Bc5 6.c3 d6 7.Nbd2 O-O 8.h3 Bb6
9.Re1 a5 10.a4 Be6 11.b3 Re8 12.Bb5 Bd7 13.Nc4 Bc5 14.Bd2 Ba7 15.Bxc6 Bxc6
16.Nxa5 Bxf2+ 17.Kxf2 Rxa5 18.b4 Ra8 19.b5 Bd7 20.c4 c6 21.Kg1 Be6 22.a5 Nd7
23.Kh1 cxb5 24.cxb5 Nc5 25.Ra3 Bd7 26.Qb1 Ne6 27.a6 bxa6 28.bxa6 Nc5 29.a7 Qc7
30.Qa1 Bb5 31.Be3 Nxd3 32.Rb1 Bc4 33.Nd2 d5 34.exd5 f5 35.Qc3 e4 36.Qxc4 Qg3
37.Nf1 Nf2+ 38.Bxf2 Qxa3 39.d6+ Kh7 40.Qd5 f4 41.Qf5+  1-0

[Event "Titled Tue 25th Feb Late"]
[Site "chess.com INT"]
[Date "2025.02.25"]
[Round "1"]
[White "Nouali,Mohamed"]
[Black "Nakamura,Hi"]
[Result "0-1"]
[WhiteElo "2157"]
[BlackElo "2802"]

1.e4 g6 2.d4 c6 3.Nc3 d5 4.Be3 dxe4 5.Nxe4 Nf6 6.Nxf6+ exf6 7.Qd2 Bg7 8.O-O-O Be6
9.Kb1 O-O 10.Nf3 b5 11.Bh6 Qd5 12.b3 a5 13.Bxg7 Kxg7 14.c4 bxc4 15.Bxc4 Qf5+
16.Qd3 Qxd3+ 17.Bxd3 Bd5 18.Rhe1 a4 19.Kb2 Na6 20.Bc4 axb3 21.Bxd5 cxd5 22.axb3 Nb4
23.Kc3 Rab8 24.Kd2 Nc6 25.Rb1 Rb4 26.Kc3 Rfb8 27.Rec1 h5 28.h4 R8b6 29.Rc2 Ne7
30.Ra2 Nf5 31.Rbb2 Nd6 32.Nd2 R4b5 33.f3 Nf5 34.Kd3 Nxh4 35.Ra4 Nf5 36.Rc2 Re6
37.Rc5 Re3+ 38.Kc2 Nxd4+  0-1

[Event "Titled Tue 25th Feb Early"]
[Site "chess.com INT"]
[Date "2025.02.25"]
[Round "1"]
[White "Nakamura,Hi"]
[Black "Herbrig,Alexander"]
[Result "1-0"]
[WhiteElo "2802"]
[BlackElo "2306"]

1.b3 Nf6 2.Bb2 g6 3.Bxf6 exf6 4.e3 b6 5.Nf3 Bb7 6.g3 Bg7 7.Bg2 O-O 8.O-O f5
9.d4 Na6 10.c4 Qe7 11.Nc3 c6 12.a3 Nc7 13.b4 d5 14.cxd5 Nxd5 15.Nxd5 cxd5
16.Ne1 a5 17.Nd3 Rfc8 18.Qb3 a4 19.Qa2 Ba6 20.Nf4 Bc4 21.Qd2 Bxf1 22.Rxf1 Ra7
23.Nxd5 Qd6 24.Qd3 Kf8 25.Qb5 Qc6 26.Qxb6 Qxb6 27.Nxb6 Rc3 28.Ra1 g5 29.Nd5 Rb3
30.Bf1 Ra8 31.Nb6 Ra7 32.Bc4 Rc3 33.Bb5 f4 34.Nd5 Rc2 35.gxf4 gxf4 36.Nxf4 Rac7
37.Bxa4 Rb2 38.Nd5 Ra7 39.Bc6 Ra6 40.b5 Ra4 41.b6 Rc4 42.Bd7 Rcc2 43.Rf1 Bh6
44.a4 Bg5 45.Bb5 Bh4 46.b7 Bxf2+ 47.Rxf2 Rxf2 48.b8=Q+ Kg7 49.Qg3+  1-0

[Event "Titled Tue 25th Feb Early"]
[Site "chess.com INT"]
[Date "2025.02.25"]
[Round "2"]
[White "Kozlov,O"]
[Black "Nakamura,Hi"]
[Result "0-1"]
[WhiteElo "2253"]
[BlackElo "2802"]

1.d4 g6 2.Nf3 Bg7 3.e4 c6 4.Nc3 d5 5.h3 a6 6.Bd3 Nf6 7.O-O O-O 8.e5 Ne8 9.Na4 Nc7
10.c3 Nd7 11.Re1 Ne6 12.b4 a5 13.Ng5 Nxg5 14.Bxg5 axb4 15.cxb4 b5 16.Nc5 Nxc5
17.bxc5 Ra3 18.Bc2 Be6 19.Qc1 Ra5 20.Bd2 Ra6 21.a4 bxa4 22.Rxa4 Rxa4 23.Bxa4 Qc7
24.Qc3 Ra8 25.Bc2 Qa7 26.Rb1 f6 27.exf6 Bxf6 28.Be3 Bd7 29.Kh2 Qc7+ 30.f4 Kf7
31.Qb3 h5 32.Qb7 Qxb7 33.Rxb7 Be8 34.Rb6 Ra3 35.Rb3 Ra2 36.Bd3 Ra4 37.Bc2 Bxd4
38.Rd3 Rc4 39.Bxd4 Rxc2 40.Kg3 Bd7 41.Re3 Bf5 42.Rf3 h4+ 43.Kh2 Be4 44.Rf2 Rc4
45.Rd2 Ke6 46.Bf2 Kf7 47.Bd4 e6 48.Bf2 Bf5 49.Bd4 g5 50.fxg5 Kg6 51.Be3 e5
52.g3 hxg3+ 53.Kxg3 d4 54.Bf2 Rc3+ 55.Kg2 Bxh3+ 56.Kh2 Bf5 57.Bg3 Re3 58.Kg2 Kxg5
59.Kf2 Kg4 60.Bh2 Rf3+ 61.Kg1 Re3 62.Kf2 Rh3 63.Kg1 d3 64.Rg2+ Kf3 65.Rf2+ Ke4
66.Rd2 Kd5 67.Kg2 Rxh2+ 68.Kxh2 e4 69.Kg3 e3 70.Rd1 e2  0-1

[Event "Titled Tue 25th Feb Late"]
[Site "chess.com INT"]
[Date "2025.02.25"]
[Round "2"]
[White "Nakamura,Hi"]
[Black "Tologontegin,S"]
[Result "1-0"]
[WhiteElo "2802"]
[BlackElo "2353"]

1.b3 d5 2.Bb2 c5 3.e3 a6 4.Nf3 Nc6 5.c4 Bg4 6.cxd5 Qxd5 7.Nc3 Qd8 8.Rc1 e6
9.Ne4 Qa5 10.a3 Rd8 11.Qc2 Bf5 12.Bd3 Qb6 13.Nxc5 Rxd3 14.Nxd3 Qb5 15.Ke2 Nf6
16.Qc4 Qb6 17.Nde5 Be4 18.Nxc6 Bxc6 19.Nd4 Bxg2 20.Qc8+ Qd8 21.Qxd8+ Kxd8
22.Rhg1 Bd5 23.d3 e5 24.Nf5 Bxb3 25.Bxe5 Be6 26.Nxg7 Bxg7 27.Rxg7 Nd7 28.Bd4 Re8
29.Rxh7 Bd5 30.Rh8 Rxh8 31.Bxh8 Bc6 32.Bd4 Ke7 33.h4 Nf8 34.h5 f6 35.h6 Kf7
36.Rg1 Ng6 37.h7 Bd7 38.Rxg6 Kxg6 39.h8=Q Bg4+ 40.Kd2 Kf5 41.Qxf6+  1-0

[Event "Titled Tue 25th Feb Early"]
[Site "chess.com INT"]
[Date "2025.02.25"]
[Round "3"]
[White "Nakamura,Hi"]
[Black "Smirnov,Mark"]
[Result "1-0"]
[WhiteElo "2802"]
[BlackElo "2336"]

1.b3 Nf6 2.Bb2 d5 3.Nf3 Bf5 4.Nh4 Bg6 5.Nxg6 hxg6 6.g3 e6 7.Bg2 Bd6 8.d3 O-O
9.Nd2 Nbd7 10.e3 c6 11.O-O a5 12.a3 Qe7 13.Qe2 Rfe8 14.e4 e5 15.Rfe1 Bc5
16.h4 Qe6 17.Nf3 dxe4 18.dxe4 Ng4 19.Ng5 Qf6 20.Qxg4 Qxf2+ 21.Kh2 Nf6 22.Qe2 Qxe2
23.Rxe2 Ng4+ 24.Kh3 Nf2+ 25.Rxf2 Bxf2 26.Rf1 f6 27.Rxf2 fxg5 28.Bf1 gxh4
29.Bc4+ Kh7 30.Kxh4  1-0

[Event "Titled Tue 25th Feb Late"]
[Site "chess.com INT"]
[Date "2025.02.25"]
[Round "3"]
[White "Oberoi,Shelev"]
[Black "Nakamura,Hi"]
[Result "0-1"]
[WhiteElo "2174"]
[BlackElo "2802"]

1.d4 g6 2.e4 c6 3.Nc3 d5 4.e5 f6 5.f4 Bg7 6.h3 Nh6 7.g4 Nf7 8.Nf3 f5 9.gxf5 Bxf5
10.Bd3 Nh6 11.Ng5 Qd7 12.Ne2 Na6 13.c3 Nc7 14.Ng3 Bxd3 15.Qxd3 Nf5 16.Nxf5 Qxf5
17.Qxf5 gxf5 18.Rg1 Bh6 19.Be3 Bxg5 20.Rxg5 Rf8 21.Ke2 Ne6 22.Rh5 Rf7 23.Rg1 Kd7
24.Rh6 a5 25.b3 a4 26.b4 Rh8 27.Kd3 Rg7 28.Rxg7 Nxg7 29.c4 Ne6 30.Rh5 h6
31.cxd5 cxd5 32.Rxf5 Ke8 33.Rh5 Ng7 34.Rh4 h5 35.f5 Nxf5 36.Rf4 e6 37.Rf1 Rg8
38.Bf4 Kd7 39.b5 Rg2 40.Rc1 Rb2 41.Rg1 Rxb5 42.Bd2 Rb2 43.Bc3 Rxa2 44.Rg5 h4
45.Rh5 Rh2 46.Rh7+ Kc6 47.Rf7 Rxh3+ 48.Kc2 Rf3 49.Rf6 Kb5 50.Rxe6 Kc4 51.Bb2 a3
52.Ba1 Rf2+ 53.Kb1 h3 54.Re8 h2 55.Rc8+ Kb3 56.Rc1 a2+  0-1

[Event "Titled Tue 25th Feb Late"]
[Site "chess.com INT"]
[Date "2025.02.25"]
[Round "4"]
[White "Nakamura,Hi"]
[Black "Boyer,Mahel"]
[Result "1-0"]
[WhiteElo "2802"]
[BlackElo "2509"]

1.b3 e5 2.Bb2 Nc6 3.c4 d5 4.cxd5 Qxd5 5.Nc3 Qe6 6.g3 Bc5 7.Bg2 Nge7 8.Nf3 O-O
9.O-O Rd8 10.Rc1 h6 11.d3 Bb6 12.Na4 e4 13.Ne1 exd3 14.Nxd3 Nd5 15.Qc2 Qg6
16.Qc4 Be6 17.Qh4 Qg5 18.Qxg5 hxg5 19.Ndc5 Bxc5 20.Nxc5 Rab8 21.Nxb7 Rxb7
22.Rxc6 Nb4 23.Rxe6 fxe6 24.Bxb7  1-0

[Event "Titled Tue 25th Feb Early"]
[Site "chess.com INT"]
[Date "2025.02.25"]
[Round "4"]
[White "Haug,Havard"]
[Black "Nakamura,Hi"]
[Result "0-1"]
[WhiteElo "2340"]
[BlackElo "2802"]

1.e4 c6 2.d4 d5 3.Nd2 dxe4 4.Nxe4 Nf6 5.Nxf6+ gxf6 6.Ne2 h5 7.h4 Bg4 8.c3 e6
9.Qc2 Bf5 10.Qb3 Qb6 11.Nf4 Bd6 12.Be2 Bg4 13.Be3 Bxf4 14.Qxb6 axb6 15.Bxf4 Bxe2
16.Bxb8 Bc4 17.Bc7 Rg8 18.g3 Ra6 19.a3 Kd7 20.Bf4 Bb3 21.O-O Ra5 22.Kh2 Rga8
23.Rfe1 Rd5 24.Rac1 Bc4 25.Be3 Rb5 26.Rc2 Kd6 27.Rd2 Kd5 28.Bf4 Bb3 29.f3 Kc4
30.Kg2 Rg8 31.Kf2 Rd5 32.Rde2 Kb5 33.Rd2 Ka4 34.Rde2 Bc4 35.Rd2 Kb3 36.Be3 Rgd8
37.Rc1 c5 38.Rcd1 Rc8 39.dxc5 bxc5 40.Bf4 Rf5 41.Be3 Bd5 42.Bf4 Bc6 43.c4 e5
44.Rd3+ Kxc4 45.Rc3+ Kb5 46.a4+ Ka6 47.Rxc5 b6  0-1

[Event "Titled Tue 25th Feb Early"]
[Site "chess.com INT"]
[Date "2025.02.25"]
[Round "5"]
[White "Nakamura,Hi"]
[Black "Iturrizaga Bonelli,Eduardo"]
[Result "0-1"]
[WhiteElo "2802"]
[BlackElo "2577"]

1.b3 Nf6 2.Bb2 g6 3.Bxf6 exf6 4.g3 Bg7 5.Bg2 O-O 6.e3 d5 7.Ne2 c6 8.O-O a5
9.d4 a4 10.Nd2 h5 11.h4 f5 12.c4 dxc4 13.bxc4 c5 14.Nf3 Nc6 15.Rb1 cxd4 16.Nfxd4 Nxd4
17.exd4 Qc7 18.Bd5 Bh6 19.Qd3 Rd8 20.Rb5 Ra5 21.Nc3 Rxb5 22.Nxb5 Qe7 23.Kg2 Qf6
24.f4 Bd7 25.Bxb7 Bxb5 26.cxb5 Rxd4 27.Qe2 Qd6 28.Rf2 Bf8 29.Bf3 Qc5 30.Qe8 Kg7
31.Re2 Rd1 32.Rb2 a3 33.Rf2 Rb1 34.Bc6 Rb2 35.Qe1 Qxf2+ 36.Qxf2 Bc5  0-1

[Event "Titled Tue 25th Feb Late"]
[Site "chess.com INT"]
[Date "2025.02.25"]
[Round "5"]
[White "Bluebaum,M"]
[Black "Nakamura,Hi"]
[Result "0-1"]
[WhiteElo "2643"]
[BlackElo "2802"]

1.d4 e6 2.c4 b6 3.a3 Bb7 4.Nc3 Nf6 5.Bf4 d6 6.Nf3 Nbd7 7.Qc2 c5 8.dxc5 Nxc5
9.Rd1 a6 10.e3 Rc8 11.Be2 Be7 12.h3 O-O 13.O-O Qc7 14.b4 Nce4 15.Nxe4 Bxe4
16.Qa2 Rfd8 17.Rc1 Qb7 18.Rfd1 d5 19.Bg3 h6 20.cxd5 Bxd5 21.Qb1 Ne4 22.Be5 f6
23.Bb2 b5 24.Rxc8 Qxc8 25.Rc1 Qd7 26.Qc2 e5 27.Qc7 Qxc7 28.Rxc7 Bd6 29.Ra7 Bc4
30.Bxc4+ bxc4 31.Rxa6 c3 32.Bxc3 Nxc3 33.Rc6 Nb1 34.a4 Bxb4 35.Rb6 Rd1+ 36.Kh2 Bd6
37.g3 Nc3 38.a5 Ne4 39.a6 Ra1 40.Nh4 Ra2 41.Kg1 Bc5 42.Rb8+ Kf7 43.Rb7+ Ke6
44.Rxg7 Nxf2 45.a7 Nxh3+ 46.Kf1 Rxa7 47.e4  0-1

[Event "Titled Tue 25th Feb Early"]
[Site "chess.com INT"]
[Date "2025.02.25"]
[Round "6"]
[White "Nakamura,Hi"]
[Black "Zhauynbay Aldiyar"]
[Result "1-0"]
[WhiteElo "2802"]
[BlackElo "2109"]

1.b3 e5 2.Bb2 Nc6 3.e3 Nf6 4.Bb5 Qe7 5.Ne2 a6 6.Bxc6 dxc6 7.d3 h5 8.Nbc3 h4
9.h3 Bf5 10.e4 Bg6 11.Qd2 O-O-O 12.Qe3 Bh5 13.f4 Bxe2 14.Nxe2 exf4 15.Qxf4 Nh5
16.Qg4+ Kb8 17.O-O-O Rh6 18.Rhf1 Nf6 19.Qf3 Rg6 20.Kb1 a5 21.a4 Nh7 22.Nd4 Ng5
23.Qf2 Qc5 24.Rd2 Bd6 25.Qxh4 Be5 26.Nf3 Bxb2 27.Kxb2 f6 28.Qf2 Qxf2 29.Rfxf2 Nxf3
30.Rxf3 c5 31.g4 Rh8 32.Rg2 b6 33.Rgg3 Kb7 34.Kc3 c6 35.Kd2 b5 36.Kc3 Kb6
37.Rf5 Rgh6 38.g5 Rxh3 39.Rxh3 Rxh3 40.gxf6 gxf6 41.Rxf6 b4+ 42.Kd2 Rh2+
43.Kd1 Kc7 44.Rf7+ Kb6 45.Rg7 Rf2 46.Rg5 Rh2 47.Rg1 Rf2 48.Re1 Kc7 49.Re2 Rf1+
50.Kd2 Kd6 51.Rh2 Kc7 52.Ke3 Re1+ 53.Kf4 Kd6 54.Rf2 Ke6 55.Rg2 Kd6 56.Kf3 Rf1+
57.Ke3 Re1+ 58.Re2 Rh1 59.Kf4 Rf1+ 60.Ke3 Ke5 61.Rh2 Re1+ 62.Kd2 Rg1 63.Rh8 Rg2+
64.Kc1 Kd4 65.Kb2 Re2 66.Rh6 c4 67.bxc4 c5 68.Rh5 Re1 69.Rd5+ Ke3 70.Rxc5 Kd2
71.Rh5 Re2 72.c5 Kd1 73.Rh1+ Kd2 74.c6 b3 75.c7  1-0

[Event "Titled Tue 25th Feb Late"]
[Site "chess.com INT"]
[Date "2025.02.25"]
[Round "6"]
[White "Nakamura,Hi"]
[Black "Bortnyk,Olexandr"]
[Result "1/2-1/2"]
[WhiteElo "2802"]
[BlackElo "2601"]

1.b3 d5 2.Bb2 Bf5 3.d3 e6 4.Nd2 Nf6 5.g3 h6 6.Bg2 Be7 7.e4 Bh7 8.Nh3 O-O
9.O-O c5 10.Nf4 Nc6 11.exd5 Nxd5 12.Nxd5 exd5 13.Re1 Qd6 14.Nf1 d4 15.Nd2 Rfe8
16.a3 Rab8 17.Nc4 Qd7 18.Bc1 b5 19.Ne5 Nxe5 20.Rxe5 Bd6 21.Rd5 Qe6 22.Bd2 Bf8
23.a4 b4 24.Qf3 Qe2 25.Qxe2 Rxe2 26.Rd1 Rbe8 27.Bf3 R2e5 28.g4 Rxd5 29.Bxd5 Bd6
30.h4 a5 31.Kg2 Kf8 32.f4 f5 33.g5 h5 34.Kf3 g6 35.Bc6 Re7 36.Re1  1/2-1/2

[Event "Titled Tue 25th Feb Late"]
[Site "chess.com INT"]
[Date "2025.02.25"]
[Round "7"]
[White "Nakamura,Hi"]
[Black "Ibrahimli,Murad"]
[Result "1-0"]
[WhiteElo "2802"]
[BlackElo "2423"]

1.b3 e5 2.Bb2 d6 3.e3 Nd7 4.c4 g6 5.d4 Bg7 6.Nf3 Ne7 7.Nc3 O-O 8.Be2 Nf5
9.dxe5 dxe5 10.Qc2 Re8 11.O-O-O a5 12.g4 Nd6 13.Ba3 e4 14.Nd4 Qh4 15.c5 Qxf2
16.cxd6 Qxe3+ 17.Kb1 c6 18.Bc1 Qh3 19.Nxe4 a4 20.b4 Nb6 21.Ng5 Qh4 22.h3 h6
23.Nxf7 Kxf7 24.Rhf1+ Bf6 25.Bb2 Nd5 26.Bc4 Qxh3 27.Bxd5+ cxd5 28.Rxf6+ Kxf6
29.Qf2+ Kg7 30.Ne6+ Kg8 31.Qf6  1-0

[Event "Titled Tue 25th Feb Early"]
[Site "chess.com INT"]
[Date "2025.02.25"]
[Round "7"]
[White "Boyer,Mahel"]
[Black "Nakamura,Hi"]
[Result "1-0"]
[WhiteElo "2509"]
[BlackElo "2802"]

1.Nf3 g6 2.d4 Nf6 3.e3 Bg7 4.Be2 d6 5.O-O O-O 6.c4 Nbd7 7.Nc3 e5 8.h3 Re8
9.b4 e4 10.Nh2 h5 11.a4 c6 12.a5 Nf8 13.Bb2 Bf5 14.a6 b6 15.b5 c5 16.dxc5 dxc5
17.Qxd8 Raxd8 18.Rfd1 N6d7 19.Rd2 Ne5 20.Rad1 Nd3 21.Bxd3 exd3 22.Nd5 Nd7
23.Bxg7 Kxg7 24.Nf3 Be4 25.Nc3 Bxf3 26.gxf3 Ne5 27.Kg2 Rc8 28.Rc1 Red8 29.Ne4 f5
30.Ng5 Rd6 31.f4 Nf7 32.Nxf7 Kxf7 33.Kf3 Rcd8 34.Rcd1 h4 35.Rg1 Re6 36.Rgd1 Red6
37.Rg1 Ke7 38.Rgd1 R8d7 39.Rg1 Re6 40.Rgd1 Re4 41.Rc1 Ke6 42.Rc3 Rd6 43.Kg2 Ke7
44.Kf3 Rd8 45.Kg2 Rd7 46.Kf3 Rd6 47.Kg2 Ke6 48.Kf3 Rd8 49.Kg2 g5 50.fxg5 f4
51.Kf3 fxe3 52.fxe3 Ke5 53.Rcxd3 Rf8+ 54.Ke2 Rxc4 55.Rd7 Rc1 56.Re7+ Kf5
57.Rxa7 c4 58.Rb7 c3 59.Rd5+ Ke6 60.Rd4 c2 61.Rxb6+ Ke5 62.Rc6 Rff1 63.Rdc4 Rce1+
64.Kd2 Rb1 65.Kxc2 Rfc1+ 66.Kd3 Rd1+ 67.Ke2 Re1+ 68.Kf3 Rf1+ 69.Kg4 Rg1+
70.Kxh4 Kf5 71.R4c5+ Ke4 72.g6 Kxe3 73.a7 Ra1 74.Ra6  1-0